Franceses en la liga Española - Estadísticas

Estadísticas generales
  • Esta prueba ha sido intentada 45 veces
  • La puntuación promedio es 14 de 16
Estadísticas de respuestas
Imagen Respuesta % Correcto
Benzema
98%
Griezmann
98%
Umtiti
98%
Varane
98%
Zinedine Zidane
98%
Dembele
95%
Fekir
95%
Henry
95%
Camavinga
93%
Kounde
93%
Tchouameni
93%
Mbappe
91%
Abidal
84%
Ben yedder
84%
Makelele
72%
Giuly
49%
No se encontraron pruebas coincidentes
Distribución de puntuación
Porcentaje de gente con cada puntuación
Porcentaje por número respondido
Historial de tus puntuaciones
No has intentado esta prueba.